[Event "10th EICC"]
[Site "Budva MNE"]
[Date "2009.03.12"]
[Round "7"]
[White "Kobalia,M"]
[Black "Malakhov,V"]
[Result "1/2-1/2"]
[WhiteElo "2634"]
[BlackElo "2692"]

1.e4 c5 2.Nf3 d6 3.Bb5+ Bd7 4.Bxd7+ Qxd7 5.c4 Nf6 6.Nc3 g6 7.d4 cxd4 8.Nxd4 Bg7
9.h3 O-O 10.Be3 Qc7 11.b3 Qa5 12.Qd2 Nc6 13.Rd1 Rfc8 14.O-O a6 15.a4 Qb4
16.Qc2 b5 17.axb5 Nxd4 18.Bxd4 axb5 19.Bxf6 Bxf6 20.Nd5  1/2-1/2

[Event "10th EICC"]
[Site "Budva MNE"]
[Date "2009.03.12"]
[Round "7"]
[White "Chudinovskikh,A"]
[Black "Jovanovic,Zo CRO"]
[Result "1/2-1/2"]
[WhiteElo "2379"]
[BlackElo "2558"]

1.e4 c5 2.Nf3 d6 3.Bb5+ Nd7 4.c3 Nf6 5.Qe2 a6 6.Ba4 e6 7.O-O Be7 8.d4 b5
9.Bc2 Bb7 10.a4 cxd4 11.cxd4 O-O 12.Bf4 Re8 13.Re1 b4 14.Nbd2 Nf8 15.h3 Ng6
16.Be3 Bf8 17.a5 d5 18.e5 Ne4 19.Nxe4 dxe4 20.Nd2 Nh4 21.Qg4 Nf5 22.Nxe4 Nxe3
23.fxe3 Bxe4 24.Bxe4 Rc8 25.Bb7 Rc2 26.Re2 Qc7 27.Bxa6 Rc1+ 28.Rxc1 Qxc1+
29.Kh2 Ra8 30.Bd3 Rxa5 31.Qe4 g6 32.Rf2 Ra7 33.b3 Bh6 34.Rf3 Qc7 35.Bc4 Kg7
36.Qh4 Qe7 37.Qf6+ Kg8 38.Kg3 Bg5 39.Qxe7 Rxe7 40.h4 Bh6 41.Kf2 Ra7 42.g4 Bg7
43.g5 Ra2+ 44.Kg3 Ra1 45.Rf4 h6 46.Kf2 Ra2+ 47.Kf3  1/2-1/2

[Event "10th EICC w"]
[Site "St Petersburg RUS"]
[Date "2009.03.13"]
[Round "6"]
[White "Zimina,O"]
[Black "Ziaziulkina,N"]
[Result "0-1"]
[WhiteElo "2363"]
[BlackElo "1950"]

1.e4 c5 2.Nf3 d6 3.Bb5+ Bd7 4.Bxd7+ Qxd7 5.c4 Nf6 6.Nc3 g6 7.O-O Bg7 8.d4 cxd4
9.Nxd4 O-O 10.f3 Rc8 11.b3 d5 12.e5 Ne8 13.Nxd5 e6 14.Nc3 Bxe5 15.Be3 Rd8
16.Nde2 Qc7 17.Qe1 Bxh2+ 18.Kh1 Be5 19.Qf2 Nc6 20.f4 Bg7 21.Nb5 Qb8 22.Rad1 Nd6
23.Ng3 b6 24.Nxd6 Rxd6 25.Ne4 Rxd1 26.Rxd1 Qc7 27.c5 bxc5 28.Nxc5 Rd8 29.Rc1 Rc8
30.Rd1 Rd8 31.Rc1 Rc8 32.Rd1 Rd8 33.Rc1 Rc8 34.Ne4 Qd8 35.Ng5 h6 36.Nf3 Qd7
37.Rc4 a6 38.Qe2 Ne7 39.Ra4 Nd5 40.Rxa6 Qc7 41.Ra7 Qb8 42.Qd2 Nxe3 43.Qxe3 Rc3
44.Qg1 Qxf4 45.Ra4 Qf5 46.Qd1 Bf6 47.Rc4 Rxc4 48.bxc4 Qh5+ 49.Kg1 Qc5+ 50.Kh1 Qxc4
51.a4 e5 52.a5 e4 53.Ng1 e3 54.Qe2 Qh4+ 55.Nh3 Qg3 56.a6 Bd4 57.Kg1 g5 58.Kf1 g4
59.Ng1 Qf4+ 60.Nf3 gxf3 61.gxf3 Qg3 62.a7 Bxa7  0-1

[Event "10th EICC w"]
[Site "St Petersburg RUS"]
[Date "2009.03.13"]
[Round "6"]
[White "Miednikova,S"]
[Black "De Seroux,C"]
[Result "1-0"]
[WhiteElo "2160"]
[BlackElo "1928"]

1.e4 c5 2.Nf3 d6 3.Bb5+ Bd7 4.a4 Nc6 5.O-O g6 6.c3 Bg7 7.h3 Nf6 8.Re1 O-O
9.d4 cxd4 10.cxd4 e6 11.Nc3 Nb4 12.Bf1 Rc8 13.Bf4 Bc6 14.Qd2 Re8 15.Bg5 Qa5
16.Bxf6 Bxf6 17.Na2 Bxe4 18.Rxe4 Nc6 19.Qxa5 Nxa5 20.Nc3 d5 21.Ree1 Nc4 22.Bxc4 Rxc4
23.Nxd5  1-0

[Event "10th EICC w"]
[Site "St Petersburg RUS"]
[Date "2009.03.13"]
[Round "6"]
[White "Berzina,I"]
[Black "Lupik,M"]
[Result "1/2-1/2"]
[WhiteElo "2308"]
[BlackElo "2163"]

1.e4 c5 2.Nf3 d6 3.Bb5+ Bd7 4.Bxd7+ Qxd7 5.O-O Nf6 6.Qe2 Nc6 7.b3 e6 8.Bb2 Be7
9.d4 cxd4 10.Nxd4 a6 11.c4 O-O 12.Nxc6 Qxc6 13.Nc3 Rfe8 14.Rac1 Rad8 15.Kh1 Qc5
16.f4 Qh5 17.Qxh5 Nxh5 18.g4 Nf6 19.h3 d5 20.exd5 exd5 21.Nxd5 Nxd5 22.cxd5 Rxd5
23.Rfe1 Rdd8 24.f5 Bg5 25.Rxe8+ Rxe8 26.Rc2 h5 27.Kg2 Re4 28.gxh5 Kh7 29.Bc1 Bxc1
30.Rxc1 Re2+ 31.Kf3 Rxa2 32.Rc7 b5 33.Rxf7 Kh6 34.Ra7 a5 35.Kg4 a4 36.Ra6+ Kh7
37.Ra5 axb3 38.Rxb5 Rg2+ 39.Kf3 Rh2 40.Kg3 Rb2 41.Rb7 Kh6 42.Kh4 Rb1 43.Rb6+ Kh7
44.h6 gxh6 45.Rb7+ Kg8 46.Kh5 b2 47.Kxh6 Rf1 48.Rxb2 Rxf5 49.Kg6 Rf8 50.h4 Ra8
51.Rb6 Kh8 52.h5 Kg8 53.h6 Kh8 54.h7  1/2-1/2

[Event "10th EICC w"]
[Site "St Petersburg RUS"]
[Date "2009.03.13"]
[Round "6"]
[White "Muzychuk,A"]
[Black "Kadziolka,B"]
[Result "1/2-1/2"]
[WhiteElo "2540"]
[BlackElo "2295"]

1.e4 c5 2.Nf3 d6 3.Bb5+ Bd7 4.Bxd7+ Qxd7 5.O-O Nf6 6.Re1 g6 7.c3 Nc6 8.d4 cxd4
9.cxd4 d5 10.e5 Ne4 11.Nbd2 Nxd2 12.Bxd2 Bg7 13.a4 O-O 14.Ra3 Rfc8 15.Rae3 e6
16.h4 h5 17.Rd3 Ne7 18.Ng5 Nf5 19.g4 hxg4 20.Qxg4 Qxa4 21.Bc3 a5 22.h5 gxh5
23.Qxh5 Rc7 24.Nh7 Qc2 25.Rh3 b5 26.Kh1 b4 27.Rg1 bxc3 28.Rxg7+ Nxg7 29.Nf6+ Kf8
30.Qh8+ Ke7 31.Qxa8 cxb2 32.Ng8+ Kd7 33.Nf6+ Ke7  1/2-1/2

[Event "10th EICC w"]
[Site "St Petersburg RUS"]
[Date "2009.03.16"]
[Round "8"]
[White "Lahno,Kateri"]
[Black "Charochkina,D"]
[Result "1-0"]
[WhiteElo "2488"]
[BlackElo "2316"]

1.e4 c5 2.Nf3 d6 3.Bb5+ Nc6 4.O-O Bd7 5.Re1 Nf6 6.h3 g6 7.c3 Ne5 8.Be2 Bc6
9.d4 Nxf3+ 10.Bxf3 Bg7 11.d5 Bd7 12.Bf4 O-O 13.e5 dxe5 14.Bxe5 Ne8 15.Nd2 Nd6
16.Qb3 b6 17.Nc4 Bf5 18.Bxg7 Kxg7 19.Ne5 Re8 20.Re3 Qc7 21.Rae1 Bd7 22.h4 Rac8
23.h5 f6 24.Nxd7 Qxd7 25.Qc2 Rc7 26.hxg6 hxg6 27.Bh5 Nf5 28.Rg3 Qxd5 29.Rxg6+ Kh8
30.Bf3 Qd7 31.g4 Ng7 32.Rh6+  1-0

[Event "10th EICC"]
[Site "Budva MNE"]
[Date "2009.03.17"]
[Round "11"]
[White "Chudinovskikh,A"]
[Black "Pecurica,M"]
[Result "1-0"]
[WhiteElo "2379"]
[BlackElo "1934"]

1.e4 c5 2.Nf3 d6 3.Bb5+ Bd7 4.Bxd7+ Qxd7 5.c4 Nc6 6.d4 cxd4 7.Nxd4 Nf6 8.Nc3 g6
9.h3 Bg7 10.Be3 O-O 11.O-O Rfc8 12.b3 d5 13.exd5 Nxd5 14.cxd5 Nxd4 15.Bxd4 Rxc3
16.Bxg7 Rc5 17.Bb2 Rxd5 18.Qf3 Rd8 19.Rfe1 Rd3 20.Qe4 Rd2 21.Bc3 Rd3 22.Re3 Rxe3
23.Qxe3 f6 24.Re1 e5 25.Qxa7 Qc6 26.Qe3 Qa6 27.Qe2 Rd3 28.Bd2 Qd6 29.Be3 Qd5  1-0

[Event "10th EICC"]
[Site "Budva MNE"]
[Date "2009.03.17"]
[Round "11"]
[White "Brajovic,R"]
[Black "Sidorenko,I"]
[Result "0-1"]
[WhiteElo "2275"]
[BlackElo "2370"]

1.e4 c5 2.Nf3 d6 3.Bb5+ Nc6 4.O-O Bd7 5.Re1 a6 6.Bf1 Bg4 7.c3 g6 8.d3 Bg7
9.Nbd2 e5 10.h3 Be6 11.Nc4 b5 12.Ne3 Nge7 13.g4 O-O 14.Bg2 h6 15.Nh2 d5 16.Qf3 d4
17.Nd5 f5 18.Nxe7+ Nxe7 19.gxf5 gxf5 20.exf5 Bd5 21.Qg4 h5 22.Bxd5+ Qxd5
23.Qxh5 Rxf5 24.Qe2 Raf8 25.Ng4 Rf3 26.c4 bxc4 27.dxc4 Qd6 28.Bg5 Ng6 29.Qe4 Rxh3
30.Kg2 Rh5 31.Bd2 Nh4+ 32.Kf1 Nf3 33.Ke2 Rh4 34.Kd3 Rh3 35.Kc2 d3+ 36.Kd1 Nxe1  0-1

[Event "3rd Georgi Agzamov Mem"]
[Site "Tashkent AZE"]
[Date "2009.03.17"]
[Round "2"]
[White "Dzhumaev,M"]
[Black "Dauletova,G"]
[Result "0-1"]
[WhiteElo "2529"]
[BlackElo "2247"]

1.e4 c5 2.Nf3 d6 3.Bb5+ Nc6 4.O-O Bd7 5.Re1 Nf6 6.Nc3 e6 7.d4 cxd4 8.Nxd4 Be7
9.Nxc6 Bxc6 10.Qf3 Bxb5 11.Nxb5 Qa5 12.Qe2 a6 13.Nd4 O-O 14.c4 Rfc8 15.b3 b5
16.cxb5 axb5 17.Bb2 b4 18.a4 bxa3 19.Rxa3 Qb6 20.Rxa8 Rxa8 21.Qc2 Bf8 22.Nf3 e5
23.Nd2 Rb8 24.h3 Nd7 25.Rb1 Nc5 26.b4 Ne6 27.Ba1 Qa6 28.Qc4 Qxc4 29.Nxc4 Nc7
30.Ne3 f6 31.Bc3 Kf7 32.Ra1 Ke6 33.Be1 Rb7 34.Kf1 g6 35.Ra5 f5 36.f3 fxe4
37.fxe4 Nb5 38.Ke2 Bh6 39.Nd5 Nd4+ 40.Kd3 Kd7 41.Ra8 Bg5 42.Bf2 Nb3 43.h4 Bh6
44.b5 Ke6 45.b6 Kd7 46.Ra7 Kc8 47.Ne7+ Kb8 48.Nc6+ Kc8 49.Kc4 Nc5 50.Bxc5 dxc5
51.Ra8+ Kd7 52.Kb5  0-1

[Event "SPICE Spring Inv"]
[Site "Lubbock USA"]
[Date "2009.03.18"]
[Round "4"]
[White "Hess,Ro"]
[Black "Robson,R"]
[Result "1-0"]
[WhiteElo "2483"]
[BlackElo "2455"]

1.e4 c5 2.Nf3 d6 3.Bb5+ Nc6 4.O-O Bd7 5.c3 Nf6 6.Re1 a6 7.Ba4 c4 8.Bc2 Ne5
9.Nxe5 dxe5 10.b3 b5 11.bxc4 bxc4 12.Na3 Rc8 13.Qe2 Qc7 14.d3 cxd3 15.Bxd3 e6
16.Rb1 Be7 17.Rb3 Rb8 18.Bb5 Bxa3 19.Bxa3 Bxb5 20.Rxb5 Rxb5 21.Bf8 Qxc3 22.Rd1 Rb2
23.Ba3 Rb8 24.Bd6 Ra8 25.f3 h6 26.Qd2 Qc4 27.Rc1 Nd7 28.Bc7 Nc5 29.Bd6 Na4  1-0

[Event "10th EICC w"]
[Site "St Petersburg RUS"]
[Date "2009.03.18"]
[Round "10"]
[White "Sedina,E"]
[Black "Lelekova,O"]
[Result "1-0"]
[WhiteElo "2380"]
[BlackElo "2222"]

1.e4 c5 2.Nf3 d6 3.Bb5+ Bd7 4.Bxd7+ Nxd7 5.c4 Ngf6 6.Nc3 g6 7.O-O Bg7 8.d3 O-O
9.Ng5 a6 10.f4 Rb8 11.a4 h6 12.Nh3 Ne8 13.f5 Nc7 14.a5 e6 15.Nf4 Ne5 16.Kh1 b5
17.axb6 Rxb6 18.Na4 Rb8 19.Be3 Qd7 20.Qd2 Rb3 21.Qc2 Rb4 22.Bd2 Rb7 23.Ne2 Rc8
24.f6 Bf8 25.Bc3 Nc6 26.d4 cxd4 27.Nxd4 d5 28.exd5 exd5 29.c5 Nxd4 30.Bxd4 Ne6
31.Qd2 Qb5 32.Nb6 Rc6 33.b4 Ng5 34.Nxd5 Rd7 35.Ne7+ Bxe7 36.fxe7 Re6 37.Rfe1 Ne4
38.Qxh6 Rxd4 39.Qf8+ Kh7 40.Qxf7+ Kh6 41.Qxe6 Nf2+ 42.Kg1 Rg4 43.Qe3+  1-0

[Event "10th EICC w"]
[Site "St Petersburg RUS"]
[Date "2009.03.18"]
[Round "10"]
[White "Stepovaia Dianchenko,T"]
[Black "Brunello,M"]
[Result "1-0"]
[WhiteElo "2379"]
[BlackElo "2106"]

1.e4 c5 2.Nf3 d6 3.Bb5+ Bd7 4.Bxd7+ Nxd7 5.O-O g6 6.c3 Ngf6 7.Re1 Bg7 8.d4 cxd4
9.cxd4 O-O 10.Nc3 e5 11.Bg5 h6 12.Bh4 g5 13.Bg3 Qe7 14.Qb3 Rab8 15.Qa3 Nh5
16.dxe5 Nxe5 17.Bxe5 Bxe5 18.Nxe5 Qxe5 19.Qxa7 Nf4 20.Qe3 Rbe8 21.Rad1 b5
22.a3 Re6 23.Qd4 Rb8 24.Qxe5 dxe5 25.Nd5 Rb7 26.Nb4 Rc7 27.f3 Re8 28.Rd6 Kg7
29.Kf2 Rc4 30.Kg3 f6 31.Red1 Rec8 32.R1d2 Rc1 33.Rd7+ Kg6 34.Nd5 R8c2 35.Ne7+ Kh5
36.Kf2 Ne6 37.Nf5 g4 38.fxg4+ Kg5 39.Kg3 Rxd2 40.Rxd2 Nc5 41.Nd6 Re1 42.h4+ Kg6
43.h5+ Kh7 44.Rd5 Ne6 45.Rxb5 Nf4 46.Rb7+ Kg8 47.Nf5 Rxe4 48.Ne7+  1-0

[Event "3rd Georgi Agzamov Mem"]
[Site "Tashkent AZE"]
[Date "2009.03.18"]
[Round "3"]
[White "Egin,V"]
[Black "Gubaydulin,T"]
[Result "1/2-1/2"]
[WhiteElo "2439"]
[BlackElo "2265"]

1.e4 c5 2.Nf3 d6 3.Bb5+ Bd7 4.Bxd7+ Qxd7 5.O-O Nc6 6.c3 Nf6 7.d4 cxd4 8.cxd4 Nxe4
9.d5 Ne5 10.Re1 Nf6 11.Nxe5 dxe5 12.Nc3 g6 13.Rxe5 Bg7 14.Bg5 h6 15.Bh4 O-O
16.Qe2 Rfe8 17.Re1 Rac8 18.h3 g5 19.Bg3 Rxc3 20.bxc3 Nxd5 21.Rd1 Bxe5 22.Qxe5 e6
23.c4 Qa4 24.Rd4 Ne7 25.Qc7 Nf5 26.Rd7 Nxg3 27.fxg3 Rf8 28.Qxb7 Qxc4 29.Qxa7 e5
30.Kh2 Re8 31.a4 e4 32.Qb6 Qxa4 33.Ra7 Qc4 34.Qxh6 Qd5 35.Qb6 Qd8 36.Qe3 Kg7
37.Ra6 Qd5 38.Ra4 Re6  1/2-1/2

[Event "10th EICC w"]
[Site "St Petersburg RUS"]
[Date "2009.03.19"]
[Round "11"]
[White "Zimina,O"]
[Black "Hairapetian,A"]
[Result "0-1"]
[WhiteElo "2363"]
[BlackElo "2177"]

1.e4 c5 2.Nf3 d6 3.Bb5+ Bd7 4.Bxd7+ Qxd7 5.O-O Nc6 6.Re1 e6 7.d4 cxd4 8.Nxd4 Nf6
9.c4 Be7 10.Nc3 O-O 11.b3 a6 12.Bb2 Bd8 13.Nxc6 Qxc6 14.Qd3 Be7 15.Rac1 Rac8
16.Qg3 Kh8 17.Qh4 Bd8 18.Qg3 h6 19.Ba3 e5 20.Nd5 Nd7 21.Rcd1 Nc5 22.Bxc5 Qxc5
23.Ne3 g6 24.Rd5 Qa3 25.Red1 Be7 26.Nc2 Qb2 27.Nb4 b5 28.c5 Rfd8 29.Nd3 Qc2
30.Nb4 Qxe4 31.Nxa6 dxc5 32.Rxd8+ Rxd8 33.Rxd8+ Bxd8 34.h3 Bb6 35.Qc3 c4
36.bxc4 Qb1+ 37.Kh2 Bxf2 38.Qxe5+ Kh7 39.h4 bxc4 40.a4 Bg1+ 41.Kh3 Qd3+ 42.Qg3 Bf2
43.Qf3 Kg7 44.Nb4 Qd7+ 45.Qg4 Qa7 46.a5 h5 47.Qf3 Qxa5 48.Nd5 Bd4 49.Qe4 Qd2
50.Kh2 Qd1 51.Ne3 Bxe3 52.Qe5+ Kh7 53.Qxe3 Qd6+ 54.Kg1 Qf6 55.g3 c3 56.Qe4 Qe6
57.Qf3 c2 58.Qc3 Qe4 59.Kf2 Kg8 60.Qc8+ Kg7 61.Qc3+ Kf8 62.Qc5+ Ke8 63.Qc8+ Ke7
64.Qc7+ Ke6 65.Qc8+ Kd5 66.Qa8+ Kd4 67.Qa4+ Kd3 68.Qa3+ Kd2 69.Qa5+ Kd1 70.Qd8+ Kc1
71.Qg5+ Kb2 72.Qb5+ Kc3 73.Qa5+ Kb3 74.Qb6+ Qb4 75.Qe3+ Kb2 76.Qe2 f5 77.Kg1 Kb1
78.Qd3 Qe1+ 79.Kh2 Kc1 80.Qa3+ Kd1 81.Qa4 Qe2+ 82.Kg1 Qe3+ 83.Kh2 Qe4 84.Qb3 Ke1
85.Qc3+ Kf1 86.Qa1+ Qe1 87.Qb2 Qe2+  0-1

[Event "SPICE Spring Inv"]
[Site "Lubbock USA"]
[Date "2009.03.20"]
[Round "7"]
[White "Antal,Ge"]
[Black "Robson,R"]
[Result "0-1"]
[WhiteElo "2493"]
[BlackElo "2455"]

1.e4 c5 2.Nf3 d6 3.Bb5+ Nd7 4.d4 cxd4 5.Qxd4 Nf6 6.O-O g6 7.e5 dxe5 8.Nxe5 Bg7
9.Rd1 O-O 10.Nxd7 Nxd7 11.Qa4 Nc5 12.Rxd8 Rxd8 13.Qf4 Rd1+ 14.Bf1 Ne6 15.Qe3 Bd4
16.Qe2 Rxc1 17.Qd2 Bxb2 18.c3 Rxf1+ 19.Kxf1 Bxa1 20.Qc1 b6 21.Na3 Ba6+ 22.Ke1 Bxc3+
23.Qxc3 Rd8 24.f3 Rd3 25.Qb4 Nc5 26.Qf4 e5 27.Qxe5 Rxa3 28.Qb8+ Kg7 29.Qe5+ Kf8
30.Qd6+ Ke8 31.Qe5+ Kd7 32.Qd4+ Ke6 33.Qg4+ f5 34.Qh4 Rxa2 35.Qxh7 Rxg2 36.Qxa7 Re2+
37.Kd1 Rb2 38.Kc1 Nd3+ 39.Kd1 Bc4  0-1

[Event "10th EICC w t/b Bronze"]
[Site "St Petersburg RUS"]
[Date "2009.03.20"]
[Round "2.4"]
[White "Socko,M"]
[Black "Pogonina,N"]
[Result "0-1"]
[WhiteElo "2449"]
[BlackElo "2467"]

1.e4 c5 2.Nf3 d6 3.Bb5+ Bd7 4.Bxd7+ Qxd7 5.O-O Nf6 6.Qe2 e6 7.c3 Be7 8.d3 O-O
9.Ng5 h6 10.Nh3 e5 11.f4 exf4 12.Nxf4 Nc6 13.Nd2 Rfe8 14.Nf3 Bf8 15.c4 Ng4
16.Nd5 Kh8 17.Bf4 Rad8 18.Rae1 Ne7 19.h3 Nxd5 20.cxd5 Nf6 21.Nh4 Ng8 22.Be3 g6
23.Rf2 Bg7 24.Ref1 Re7 25.Kh1 Kh7 26.Nf3 f5 27.Nd2 Rde8 28.b3 b5 29.Qf3 Nf6
30.Bf4 fxe4 31.dxe4 Nxe4 32.Nxe4 Rxe4 33.Bd2 R8e7 34.Qd3 Bd4 35.Rf3 Kg7 36.Rg3 Qe8
37.Rgf3 a6 38.a3 Qa8 39.Rf7+ Rxf7 40.Rxf7+ Kxf7 41.Qxe4 Qe8 42.Qf4+ Kg8 43.Qxh6 Qe4
44.Qg5 Qb1+ 45.Kh2 Qg1+ 46.Kg3 Qf2+ 47.Kg4 Qxg2+ 48.Kh4 Bf2+  0-1

[Event "Kaissa Men"]
[Site "Kharkiv UKR"]
[Date "2009.03.22"]
[Round "2"]
[White "Varchenko,G"]
[Black "Efanov,N"]
[Result "0-1"]
[WhiteElo "2125"]
[BlackElo "2411"]

1.e4 c5 2.Nf3 d6 3.Bb5+ Nc6 4.O-O Bd7 5.Re1 a6 6.Bxc6 Bxc6 7.d4 cxd4 8.Nxd4 e6
9.Nxc6 bxc6 10.c4 Nf6 11.Nc3 Be7 12.f4 O-O 13.e5 Ne8 14.exd6 Nxd6 15.Qg4 Qa5
16.Be3 Nf5 17.Ne4 Qe5  0-1

[Event "TOP 16 GpA"]
[Site "Mulhouse FRA"]
[Date "2009.03.22"]
[Round "3"]
[White "Fargere,Fr"]
[Black "Derieux,C"]
[Result "1-0"]
[WhiteElo "2444"]
[BlackElo "2156"]

1.e4 c5 2.Nf3 d6 3.Bb5+ Nd7 4.O-O a6 5.Bxd7+ Bxd7 6.d4 cxd4 7.Qxd4 Bg4 8.Qd3 Nf6
9.Bg5 e6 10.c4 Rc8 11.Nbd2 Be7 12.Qb3 Bxf3 13.Qxf3 Qa5 14.e5 Qxe5 15.Qxb7 Rd8
16.Nf3 Qc5 17.Qxa6 O-O 18.Qb7 Rb8 19.Qxe7 Rfe8 20.Bxf6 Rxe7 21.Bxe7 f6 22.Rad1 Rb6
23.a3 Kf7 24.b4 Qxc4 25.Bxd6 Qa6 26.Bc5 Rb7 27.Ra1 Qa4 28.Rfd1 g5 29.h3 h5
30.Nh2 f5 31.Nf3 g4 32.Ng5+ Kf6 33.h4 Qb3 34.Rd6 Re7 35.Re1  1-0

[Event "18th Amber Blindfold"]
[Site "Nice FRA"]
[Date "2009.03.22"]
[Round "8"]
[White "Kamsky,G"]
[Black "Karjakin,Sergey"]
[Result "1/2-1/2"]
[WhiteElo "2725"]
[BlackElo "2706"]

1.e4 c5 2.Nf3 d6 3.Bb5+ Bd7 4.Bxd7+ Qxd7 5.O-O Nf6 6.Qe2 Nc6 7.b3 g6 8.Bb2 Bg7
9.c4 Nh5 10.Bxg7 Nxg7 11.Nc3 O-O 12.e5 Nf5 13.Nd5 dxe5 14.Nxe5 Qe6 15.Rae1 Qxe5
16.Qxe5 Nxe5 17.Rxe5 e6 18.Ne3 b6 19.Nxf5 gxf5 20.Re3 Kg7 21.Rd1 Rfd8 22.Rg3+ Kf6
23.Rh3 Kg6 24.Rg3+ Kf6 25.Rh3 Kg6 26.Rg3+ Kf6  1/2-1/2

[Event "Spring Open"]
[Site "Belgrade SRB"]
[Date "2009.03.24"]
[Round "4"]
[White "Starcevic,G"]
[Black "Marinkov,S"]
[Result "1-0"]
[WhiteElo "2227"]
[BlackElo "1996"]

1.e4 c5 2.Nf3 d6 3.Bb5+ Bd7 4.Bxd7+ Qxd7 5.O-O Nc6 6.c3 Nf6 7.Qe2 e6 8.Rd1 Be7
9.d3 O-O 10.Nbd2 Qc7 11.Nf1 d5 12.e5 Nd7 13.Re1 Rae8 14.Ng3 f5 15.Nh5 Bd8
16.h4 b5 17.Bd2 c4 18.d4 Nb6 19.Qe3 a5 20.Ng5 Qd7 21.Qg3 Kh8 22.Nf4 Bxg5
23.Qxg5 Qe7 24.Qg3 Rg8 25.h5 g5 26.hxg6 Rg7 27.Re3 Nd7 28.Qh2 Nf8 29.Rg3 Kg8
30.Nh5 hxg6 31.Bh6 gxh5 32.Rxg7+ Qxg7 33.Bxg7 Kxg7 34.Qxh5 Ng6 35.Qg5 Rf8
36.f4 Nd8 37.Kf2  1-0

[Event "Victor Ciocaltea Mem"]
[Site "Bucharest ROM"]
[Date "2009.03.24"]
[Round "2"]
[White "Roganovic,Milo"]
[Black "Lupulescu,C"]
[Result "1/2-1/2"]
[WhiteElo "2475"]
[BlackElo "2608"]

1.e4 c5 2.Nf3 d6 3.Bb5+ Nd7 4.c3 Nf6 5.Qe2 a6 6.Ba4 e6 7.O-O Be7 8.d4 b5
9.Bc2 Bb7 10.Bf4 Qc7 11.a4 b4 12.Rc1 Rc8 13.Nbd2 cxd4 14.cxd4 e5 15.Be3 O-O
16.h3  1/2-1/2

[Event "Open B"]
[Site "Zagreb CRO"]
[Date "2009.03.26"]
[Round "6"]
[White "Trempetic,M"]
[Black "Vadla,Z"]
[Result "1-0"]
[WhiteElo "2058"]
[BlackElo "2189"]

1.e4 c5 2.Nf3 d6 3.Bb5+ Nd7 4.c3 a6 5.Ba4 Nf6 6.Qe2 b5 7.Bc2 Bb7 8.a4 bxa4
9.Rxa4 e6 10.d4 cxd4 11.Nxd4 Be7 12.O-O Nc5 13.Nd2 Nxa4 14.Bxa4+ Nd7 15.Qg4 Kf8
16.f4 Nf6 17.Qe2 d5 18.e5 Ne4 19.f5 exf5 20.Rxf5 Kg8 21.Nxe4 dxe4 22.Bb3 Bd5
23.Bxd5 Qxd5 24.e6 fxe6 25.Rxd5 exd5 26.Qg4  1-0

[Event "Open B"]
[Site "Zagreb CRO"]
[Date "2009.03.28"]
[Round "8"]
[White "Frouth,N"]
[Black "Soldo,R"]
[Result "1-0"]
[WhiteElo "2200"]
[BlackElo "2174"]

1.e4 c5 2.Nf3 d6 3.Bb5+ Bd7 4.Bxd7+ Qxd7 5.O-O Nf6 6.Re1 Nc6 7.c3 e6 8.d4 cxd4
9.cxd4 d5 10.e5 Ne4 11.Nbd2 Nxd2 12.Bxd2 Be7 13.Qb3 O-O 14.Rac1 Rac8 15.Red1 f6
16.exf6 Rxf6 17.Be3 Rcf8 18.Ne5 Nxe5 19.dxe5 Rf5 20.Qc3 Bd8 21.Bc5 Bg5 22.Bxf8 Bxc1
23.Bc5 Bf4 24.Bd4 Rf8 25.g3 Bh6 26.Qb3 b6 27.Rd3 Rc8 28.Rc3 Rxc3 29.Qxc3 Bg5
30.b3 g6 31.a4 Bd8 32.h4 h5 33.Qe3 Kh7 34.a5 bxa5 35.Bxa7 Qb5 36.Bc5 a4 37.Bf8 g5
38.Qf3 Kg8 39.Bh6 Be7 40.bxa4 Qxa4 41.Qxh5 Qa1+ 42.Kg2 Qxe5 43.Qg6+ Kh8 44.Bxg5 Bxg5
45.hxg5 d4 46.Qf6+ Qxf6 47.gxf6 e5 48.Kf3 Kh7 49.g4  1-0

[Event "Battle of the GMs"]
[Site "Dapitan PHI"]
[Date "2009.03.29"]
[Round "8"]
[White "Paragua,M"]
[Black "So,W"]
[Result "1/2-1/2"]
[WhiteElo "2537"]
[BlackElo "2627"]

1.e4 c5 2.Nf3 d6 3.Bb5+ Bd7 4.Bxd7+ Qxd7 5.O-O g6 6.c3 Nf6 7.Re1 Nc6 8.d4 cxd4
9.cxd4 d5 10.e5 Ne4 11.Nbd2 Nxd2 12.Bxd2 Bg7 13.Rc1 O-O 14.Qb3 Rac8 15.h3 e6
16.Qd3 f6 17.exf6 Rxf6 18.Ne5 Nxe5 19.Rxc8+ Qxc8 20.Rxe5 Rf7 21.Re1 Qc4 22.Qxc4 dxc4
23.Bc3 Rd7 24.Rxe6 Bxd4 25.Re4 Bxc3 26.bxc3 Rd1+ 27.Kh2 Rd2 28.Rxc4 Rxf2
29.a4 b6 30.Kg3 Rf7 31.Rc6  1/2-1/2

[Event "Open"]
[Site "Reykjavik ISL"]
[Date "2009.03.30"]
[Round "7"]
[White "Cori,J"]
[Black "Grandelius,N"]
[Result "1/2-1/2"]
[WhiteElo "2370"]
[BlackElo "2464"]

1.e4 c5 2.Nf3 d6 3.Bb5+ Nc6 4.O-O Bd7 5.Re1 Nf6 6.c3 a6 7.Bf1 Bg4 8.h3 Bh5
9.d3 e6 10.Bf4 Be7 11.Nbd2 O-O 12.a4 d5 13.Qc2 Bg6 14.Nh4 Bd6 15.Bxd6 Qxd6
16.g3 Rfd8 17.Nxg6 hxg6 18.Rad1 Qc7 19.Bg2 b5 20.exd5 exd5 21.axb5 axb5 22.Nb3 Qb6
23.d4 c4 24.Nc5 b4 25.Ra1 b3 26.Qd2 Rdb8 27.g4 Qd8 28.Qf4 Ra2 29.Rab1 Rba8
30.Bf3 R8a7 31.Bg2 Re7 32.Rxe7 Nxe7 33.Qe5 Nc6 34.Qf4 Ne8 35.Nb7 Qc7 36.Qe3 Ne7
37.Bxd5 Nxd5 38.Qxe8+ Kh7 39.Nc5 Qf4 40.Qe4 Nxc3 41.Qxf4 Ne2+ 42.Kg2 Nxf4+
43.Kf3 g5 44.h4 Nd3 45.Nxd3 cxd3 46.h5 d2 47.Ke2 d1=Q+ 48.Kxd1 Ra4 49.Ke2 Rxd4
50.f3 Rc4 51.Rd1 g6 52.hxg6+ Kxg6 53.Rd6+ Kg7 54.Ke3 Rc7 55.Rb6 Re7+ 56.Kd3 Rd7+
57.Kc3 Re7 58.Rxb3 f5 59.gxf5 Kf6 60.Kc2 Kxf5 61.Rd3 Rc7+ 62.Kd2 Rb7 63.Kc3 Rc7+
64.Kd2 Rb7 65.b3 Kf4 66.Kc3 Rc7+ 67.Kb4 Rb7+ 68.Kc5 Rc7+ 69.Kd6 Rb7 70.Kc5 Rc7+
71.Kd6 Rb7 72.Kc6 Rb8 73.Kc7 Rb5 74.Kc6 Rb8 75.Kc5 Rc8+ 76.Kb5 Re8 77.Kc4 Re3
78.b4 Rxd3 79.Kxd3 Kxf3  1/2-1/2

[Event "Victor Ciocaltea Mem"]
[Site "Bucharest ROM"]
[Date "2009.04.01"]
[Round "10"]
[White "Lupulescu,C"]
[Black "Chirila,I"]
[Result "1/2-1/2"]
[WhiteElo "2608"]
[BlackElo "2485"]

1.e4 c5 2.Nf3 d6 3.Bb5+ Nc6 4.O-O Bd7 5.Re1 Nf6 6.c3 a6 7.Bf1 Bg4 8.h3 Bh5
9.d3 e6 10.g4 Bg6 11.Nh4 Nd7 12.Ng2 Be7 13.f4 f6 14.Nd2 Qc7 15.Nf3 O-O-O
16.d4 d5 17.exd5 exd5 18.f5 Bf7 19.Bf4 Bd6 20.Qd2 Rhe8 21.Bxd6 Qxd6 22.Qf4 Qxf4
23.Nxf4 cxd4 24.Nxd4 Nxd4 25.cxd4 Nb8 26.Rxe8 Rxe8 27.Bg2 Nc6 28.Rd1 Rd8
29.Kf2 Kc7 30.Ne2  1/2-1/2

[Event "Open"]
[Site "Reykjavik ISL"]
[Date "2009.04.01"]
[Round "9"]
[White "Thorsteinsdottir,H"]
[Black "Gasanova,U"]
[Result "1-0"]
[WhiteElo "1951"]
[BlackElo "1646"]

1.e4 c5 2.Nf3 d6 3.Bb5+ Nd7 4.d4 cxd4 5.Qxd4 a6 6.Bc4 e6 7.O-O Ngf6 8.Bg5 b5
9.Be2 Qc7 10.c4 b4 11.Nbd2 Bb7 12.Rac1 Be7 13.c5 dxc5 14.Qxb4 O-O 15.Rfd1 Rac8
16.Qa4 Rfd8 17.b4 Ne5 18.Bxf6 Nxf3+ 19.Bxf3 Bxf6 20.Rxc5 Qf4 21.Rxc8 Rxc8
22.Qd7 Rb8 23.g3 Qg5 24.e5 Bxf3 25.Nxf3 Qf5 26.exf6 Qxf6 27.Qc7 Rf8 28.Ne5 h6
29.Nd7 Qe7 30.Qd6 Qxd6 31.Rxd6 Rc8 32.Rxa6 Rc1+ 33.Kg2 Rb1 34.a3  1-0

[Event "Open"]
[Site "Reykjavik ISL"]
[Date "2009.04.01"]
[Round "9"]
[White "Leon Hoyos,M"]
[Black "Gislason,G"]
[Result "1/2-1/2"]
[WhiteElo "2542"]
[BlackElo "2351"]

1.e4 c5 2.Nf3 d6 3.Bb5+ Nc6 4.O-O a6 5.Bxc6+ bxc6 6.c3 g6 7.d4 cxd4 8.cxd4 Bg7
9.Nc3 Nh6 10.Bf4 f5 11.e5 Nf7 12.exd6 exd6 13.Qa4 O-O 14.Qxc6 Rb8 15.Qc4 Rxb2
16.Rfe1 Bb7 17.Bc1 Rb6 18.Nd5 Rb5 19.Ne7+ Kh8 20.Ng5 Nxg5 21.Bxg5 Qb6 22.Rad1 f4
23.h4 Rb4 24.Qe6 Rxd4 25.h5 Rxd1 26.Rxd1 Qc5 27.Qg4 gxh5 28.Qxh5 Qc2 29.Rxd6 Qe4
30.Ng6+ Kg8 31.Ne7+ Kh8 32.Qh3 f3 33.Ng6+ Kg8 34.Ne7+ Kh8 35.Ng6+ Kg8 36.Ne7+ Kh8
37.Ng6+  1/2-1/2

[Event "Victor Ciocaltea Mem"]
[Site "Bucharest ROM"]
[Date "2009.04.02"]
[Round "11"]
[White "Roganovic,Milo"]
[Black "Burnoiu,N1"]
[Result "1/2-1/2"]
[WhiteElo "2475"]
[BlackElo "2453"]

1.e4 c5 2.Nf3 d6 3.Bb5+ Bd7 4.Bxd7+ Qxd7 5.c4 Nc6 6.d4 cxd4 7.Nxd4 g6 8.Nc3 Bg7
9.Be3 Nf6 10.h3 O-O 11.O-O e6 12.Qd2 Rfd8 13.Rad1 d5 14.exd5 exd5 15.cxd5 Nb4  1/2-1/2

[Event "16th TCh-RUS HL"]
[Site "Dagomys RUS"]
[Date "2009.04.03"]
[Round "2"]
[White "Galkin,A"]
[Black "Kokarev,Dm"]
[Result "1/2-1/2"]
[WhiteElo "2617"]
[BlackElo "2603"]

1.e4 c5 2.Nf3 d6 3.Bb5+ Bd7 4.Bxd7+ Qxd7 5.c4 Nf6 6.Nc3 g6 7.d4 cxd4 8.Nxd4 Bg7
9.h3 O-O 10.Be3 Rc8 11.b3 a6 12.a4 Nc6 13.O-O Qd8 14.Qd2 Nd7 15.Rab1 Rab8
16.Rfc1 Nce5 17.Nde2 a5 18.Rd1 Qf8 19.f3 Rd8 20.Kh1  1/2-1/2

[Event "16th TCh-RUS HL"]
[Site "Dagomys RUS"]
[Date "2009.04.03"]
[Round "2"]
[White "Popov,Iv RUS"]
[Black "Sjugirov,S"]
[Result "0-1"]
[WhiteElo "2568"]
[BlackElo "2588"]

1.e4 c5 2.Nf3 d6 3.Bb5+ Nc6 4.O-O Bd7 5.Re1 Nf6 6.c3 a6 7.Bf1 Bg4 8.d4 cxd4
9.cxd4 e5 10.d5 Nd4 11.Be3 Nxf3+ 12.gxf3 Bd7 13.Nd2 Be7 14.Nc4 Nh5 15.Qb3 O-O
16.Rac1 f5 17.Nxe5 fxe4 18.fxe4 dxe5 19.d6+ Kh8 20.dxe7 Qxe7 21.Rc7 Qh4 22.Qd5 Bc6
23.Qxe5 Rf6 24.Bg2 Rg6 25.Rxc6 bxc6 26.Kh1 Rf8 27.Qc5 Rd8 28.Qf5 Nf6 29.Bb6 Re8
30.h3 Rg5 31.Qf3 Rge5 32.Bd4 Rxe4 33.Rxe4 Rxe4 34.Bc3 Qf4 35.Qxf4 Rxf4 36.Bxc6 Ne4
37.Bxe4 Rxe4 38.Kg2 Kg8 39.Kf3 Rh4 40.Kg3 Rc4 41.Kf3 Kf7 42.Kg3 Ra4 43.a3 Rc4
44.f4 g6 45.Kg4 Ke6 46.Kg5 Rc7 47.h4 Rf7 48.Be5 Rf5+ 49.Kg4 Kd5 50.Kf3 a5
51.Bc3 a4 52.Bg7 Rf7 53.Bc3 Rc7 54.Ke3 Ke6 55.Ke4 Rc4+ 56.Bd4 Rc1 57.h5 Re1+  0-1